[Event "Madrid ch Veteranos  2019-2020"]
[Site "Maddrid ESP"]
[Date "2020.01.14"]
[Round "2.34"]
[White "Tudela Garcia, Antonio"]
[Black "Infante Martin, Alonso"]
[Result "0-1"]
[WhiteElo "1567"]
[BlackElo "1362"]
[PlyCount "64"]
[EventDate "2020.01.13"]
[EventType "swiss"]
[EventRounds "9"]
[EventCountry "ESP"]
[SourceTitle "Ajedrez en Madrid"]
[Source "lmi"]
[SourceDate "2020.01.13"]
[SourceVersion "1"]
[SourceVersionDate "2020.01.27"]
[SourceQuality "1"]

1. e4 e5 2. Bc4 Nf6 3. Nc3 d6 4. d3 c6 5. a4 Be7 6. h3 Nbd7 7. Nf3 h6 8. O-O
Nf8 9. Qe2 Ng6 10. d4 Qc7 11. dxe5 Nxe5 12. Nxe5 dxe5 13. Qf3 Bd7 14. Be3 Be6
15. Bxe6 fxe6 16. Rfd1 Bd6 17. a5 Bb4 18. Na4 Qe7 19. c3 Bd6 20. b4 O-O-O 21.
Rxd6 Ne8 22. Qd1 Nxd6 23. Bc5 Rhe8 24. Qh5 Qf6 25. Qg4 Nc4 26. f3 Rd2 27. Bf2
Red8 28. Bh4 Rxg2+ 29. Qxg2 Qxh4 30. Nc5 Rd2 31. Qxd2 Nxd2 32. Kg2 Qf4 0-1

[Event "Madrid ch Veteranos  2019-2020"]
[Site "Maddrid ESP"]
[Date "2020.01.15"]
[Round "3.1"]
[White "Elissalt Cardenas, Hector"]
[Black "Garcia Galeote, Lorenzo"]
[Result "1-0"]
[WhiteElo "2270"]
[BlackElo "1901"]
[PlyCount "97"]
[EventDate "2020.01.13"]
[EventType "swiss"]
[EventRounds "9"]
[EventCountry "ESP"]
[SourceTitle "Ajedrez en Madrid"]
[Source "lmi"]
[SourceDate "2020.01.13"]
[SourceVersion "1"]
[SourceVersionDate "2020.01.27"]
[SourceQuality "1"]

1. c4 g6 2. Nc3 Bg7 3. g3 e5 4. Bg2 Ne7 5. h4 h5 6. d3 d6 7. e4 Nbc6 8. Nge2
Bg4 9. f3 Be6 10. Nd5 Bxd5 11. cxd5 Nd4 12. Nxd4 exd4 13. O-O O-O 14. f4 f5 15.
Qb3 Rb8 16. e5 Kh7 17. Re1 c6 18. e6 c5 19. Qa3 Qc7 20. Bd2 b6 21. b4 Rb7 22.
Rec1 Rc8 23. Qa6 Qb8 24. Rab1 Rbc7 25. Rc4 cxb4 26. Bxb4 Rxc4 27. dxc4 Qc7 28.
Bf1 Rd8 29. Bd3 Bf6 30. a4 Nc8 31. a5 Qe7 32. Be1 Qc7 33. Kg2 Re8 34. Bb4 Re7
35. axb6 axb6 36. Ra1 Qb7 37. Qxb7 Rxb7 38. Ra8 Rc7 39. Kf3 Be7 40. Rb8 Kg7 41.
Ke2 Kf6 42. Kd2 Kg7 43. Be2 Kh6 44. Kd3 Bf6 45. Bd1 Be7 46. Ba4 b5 47. Bxb5 Bf6
48. Ba6 Ne7 49. Rb7 1-0

[Event "Madrid ch Veteranos  2019-2020"]
[Site "Maddrid ESP"]
[Date "2020.01.15"]
[Round "3.2"]
[White "Nuñez Muñoz, Jesus"]
[Black "Lopez de Turiso, Jose Angel"]
[Result "0-1"]
[WhiteElo "2162"]
[BlackElo "1893"]
[PlyCount "141"]
[EventDate "2020.01.13"]
[EventType "swiss"]
[EventRounds "9"]
[EventCountry "ESP"]
[SourceTitle "Ajedrez en Madrid"]
[Source "lmi"]
[SourceDate "2020.01.13"]
[SourceVersion "1"]
[SourceVersionDate "2020.01.27"]
[SourceQuality "1"]

1. e4 c5 2. Nf3 e6 3. d4 cxd4 4. Nxd4 a6 5. Bd3 Bc5 6. Nb3 Ba7 7. O-O Nc6 8.
Nc3 Nf6 9. Qe2 d6 10. Be3 Bxe3 11. Qxe3 e5 12. Rad1 O-O 13. Be2 Qc7 14. Qg3 b5
15. f4 b4 16. fxe5 dxe5 17. Nd5 Nxd5 18. exd5 Ne7 19. d6 Qa7+ 20. Qf2 Ng6 21.
Qxa7 Rxa7 22. Nc5 Nf4 23. Bc4 Bg4 24. d7 Bxd1 25. Rxd1 Rd8 26. a3 a5 27. axb4
axb4 28. Bb5 Rc7 29. Nd3 Nxd3 30. cxd3 Rcxd7 31. Bxd7 Rxd7 32. Kf2 f5 33. Ke2
Kf7 34. Rc1 Ke6 35. Rc5 Rb7 36. Kd2 Kd6 37. Ra5 g5 38. Ke3 Rc7 39. Ra6+ Kd5 40.
Ra4 Rc2 41. Rxb4 Rxg2 42. Rb5+ Ke6 43. Rb6+ Kf7 44. h4 gxh4 45. Rh6 Kg7 46.
Rxh4 Rxb2 47. Rh1 Kg6 48. Rg1+ Kf6 49. Rh1 Rb7 50. Kf3 Rb3 51. Ke2 Rb7 52. Kf3
Rd7 53. Ke2 f4 54. Rh5 Rg7 55. Rh1 Rg2+ 56. Kf1 Rg3 57. Ke2 Kg6 58. Rh4 h5 59.
Rh1 Kg5 60. Rd1 Kg4 61. d4 exd4 62. Rxd4 Rg2+ 63. Kf1 Ra2 64. Rd3 h4 65. Rb3 h3
66. Kg1 Rg2+ 67. Kh1 Rg3 68. Rb4 Re3 69. Rb8 Kg3 70. Rg8+ Kf2 71. Kh2 0-1

[Event "Madrid ch Veteranos  2019-2020"]
[Site "Maddrid ESP"]
[Date "2020.01.15"]
[Round "3.3"]
[White "Gonzalez Rivera, Eduardo"]
[Black "Garcia Herranz, Jesus"]
[Result "1/2-1/2"]
[WhiteElo "2024"]
[BlackElo "1853"]
[PlyCount "56"]
[EventDate "2020.01.13"]
[EventType "swiss"]
[EventRounds "9"]
[EventCountry "ESP"]
[SourceTitle "Ajedrez en Madrid"]
[Source "lmi"]
[SourceDate "2020.01.13"]
[SourceVersion "1"]
[SourceVersionDate "2020.01.27"]
[SourceQuality "1"]

1. e4 e5 2. Nf3 Nc6 3. Bc4 Be7 4. d4 Nf6 5. dxe5 Ng4 6. Bf4 g5 7. e6 fxe6 8.
Nxg5 h5 9. Nh3 Bf6 10. Nc3 d6 11. Qd2 Bd7 12. O-O-O Qe7 13. Bb3 O-O-O 14. f3
Nge5 15. Bg5 Rdg8 16. f4 Ng4 17. Bxf6 Nxf6 18. Ng5 Nh7 19. h4 Rf8 20. g3 Na5
21. Rhf1 Nxb3+ 22. axb3 Nf6 23. Qd4 b6 24. Qd3 Bc6 25. Qc4 Bd7 26. Rd2 Kb7 27.
Na2 a6 28. Nb4 Bb5 1/2-1/2

[Event "Madrid ch Veteranos  2019-2020"]
[Site "Maddrid ESP"]
[Date "2020.01.15"]
[Round "3.4"]
[White "Garcia Martin, Esteban"]
[Black "Cabañas Bravo, Juan Andres"]
[Result "1-0"]
[WhiteElo "1856"]
[BlackElo "1947"]
[PlyCount "93"]
[EventDate "2020.01.13"]
[EventType "swiss"]
[EventRounds "9"]
[EventCountry "ESP"]
[SourceTitle "Ajedrez en Madrid"]
[Source "lmi"]
[SourceDate "2020.01.13"]
[SourceVersion "1"]
[SourceVersionDate "2020.01.27"]
[SourceQuality "1"]

1. c4 Nf6 2. Nc3 d5 3. cxd5 Nxd5 4. g3 g6 5. Bg2 Nb6 6. h4 Nc6 7. h5 Bg7 8. h6
Bxc3 9. bxc3 e5 10. d3 Be6 11. Nf3 f6 12. a4 O-O 13. Qc2 Qd7 14. a5 Nd5 15. O-O
Rab8 16. e4 Nde7 17. d4 Bc4 18. Rd1 Qg4 19. d5 Nd8 20. Ba3 Kf7 21. d6 cxd6 22.
Bxd6 Rc8 23. Bxe5 Qh5 24. Bd6 Re8 25. e5 f5 26. Qd2 Ne6 27. Nd4 Nc5 28. e6+
Nxe6 29. Nxe6 Bxe6 30. Bxb7 Rcd8 31. Qf4 g5 32. Qe3 Qxh6 33. Be5 Nd5 34. Qc5
Qf8 35. Qxa7 Kg8 36. a6 Nf6 37. Qe3 f4 38. gxf4 Ng4 39. Qg3 Rxd1+ 40. Rxd1 Qe7
41. Bf3 h5 42. fxg5 Qc5 43. Bd4 Qxg5 44. a7 Bd5 45. Bxd5+ Qxd5 46. f3 Re3 47.
a8=Q+ 1-0

[Event "Madrid ch Veteranos  2019-2020"]
[Site "Maddrid ESP"]
[Date "2020.01.15"]
[Round "3.5"]
[White "Campos Calvo-Sotelo, Javier"]
[Black "Sanchez Peral, Pedro"]
[Result "0-1"]
[WhiteElo "1908"]
[BlackElo "1818"]
[PlyCount "97"]
[EventDate "2020.01.13"]
[EventType "swiss"]
[EventRounds "9"]
[EventCountry "ESP"]
[SourceTitle "Ajedrez en Madrid"]
[Source "lmi"]
[SourceDate "2020.01.13"]
[SourceVersion "1"]
[SourceVersionDate "2020.01.27"]
[SourceQuality "1"]

1. d4 Nf6 2. g3 d5 3. Bg2 g6 4. Nf3 Bg7 5. O-O O-O 6. c4 c6 7. b3 Na6 8. Bb2
Nc7 9. Nc3 Bf5 10. Ne5 Ne4 11. Rc1 f6 12. Nd3 Nxc3 13. Bxc3 Bxd3 14. Qxd3 e6
15. e4 dxe4 16. Qxe4 f5 17. Qd3 e5 18. Rfd1 exd4 19. Bxd4 Qxd4 20. Qxd4 Bxd4
21. Rxd4 Rad8 22. Rcd1 Rxd4 23. Rxd4 Ne6 24. Rd6 Rf6 25. Bd5 cxd5 26. cxd5 Rf7
27. Rxe6 Rd7 28. Re5 Kf7 29. f4 Rd6 30. Kf2 b5 31. h3 h5 32. Ke3 Ra6 33. Kd4
Rxa2 34. d6 Rd2+ 35. Kc5 Rc2+ 36. Kxb5 Rc3 37. Re7+ Kf6 38. Rxa7 Rxb3+ 39. Kc6
Rc3+ 40. Kd7 Rxg3 41. Ke8 Rxh3 42. Rf7+ Ke6 43. d7 Rd3 44. Re7+ Kf6 45. Rf7+
Ke6 46. Rh7 Kf6 47. d8=Q+ Rxd8+ 48. Kxd8 g5 49. Rh6+ 0-1

[Event "Madrid ch Veteranos  2019-2020"]
[Site "Maddrid ESP"]
[Date "2020.01.15"]
[Round "3.6"]
[White "Esteban Amo, Jose M."]
[Black "Garcia Sanz, Eduardo"]
[Result "0-1"]
[WhiteElo "1905"]
[BlackElo "1815"]
[PlyCount "54"]
[EventDate "2020.01.13"]
[EventType "swiss"]
[EventRounds "9"]
[EventCountry "ESP"]
[SourceTitle "Ajedrez en Madrid"]
[Source "lmi"]
[SourceDate "2020.01.13"]
[SourceVersion "1"]
[SourceVersionDate "2020.01.27"]
[SourceQuality "1"]

1. d4 d5 2. Nf3 Nf6 3. e3 c5 4. b3 Nc6 5. Bd3 Bg4 6. Bb2 cxd4 7. exd4 e6 8. O-O
Be7 9. Nbd2 Rc8 10. a3 O-O 11. Qe1 Nd7 12. Qe3 Bf6 13. Ne5 Ncxe5 14. dxe5 d4
15. Qf4 Nxe5 16. Ne4 Nxd3 17. Nxf6+ Qxf6 18. Qxf6 gxf6 19. cxd3 e5 20. f4 Be2
21. Rfe1 Rc2 22. Bc1 Kg7 23. fxe5 fxe5 24. a4 Rfc8 25. Ba3 f6 26. Rac1 Bxd3 27.
Rxc2 Rxc2 0-1

[Event "Madrid ch Veteranos  2019-2020"]
[Site "Maddrid ESP"]
[Date "2020.01.15"]
[Round "3.7"]
[White "Alonso Abad, Enrique"]
[Black "Martinez Martinez, Javier II"]
[Result "1-0"]
[WhiteElo "2002"]
[BlackElo "1572"]
[PlyCount "71"]
[EventDate "2020.01.13"]
[EventType "swiss"]
[EventRounds "9"]
[EventCountry "ESP"]
[SourceTitle "Ajedrez en Madrid"]
[Source "lmi"]
[SourceDate "2020.01.13"]
[SourceVersion "1"]
[SourceVersionDate "2020.01.27"]
[SourceQuality "1"]

1. e4 e5 2. Nf3 Nc6 3. d4 exd4 4. Nxd4 Bc5 5. Nb3 Bb6 6. Qe2 d6 7. Be3 Nf6 8.
Nc3 O-O 9. O-O-O Re8 10. f3 Bxe3+ 11. Qxe3 Be6 12. g4 Bxb3 13. axb3 Ne7 14. h4
c6 15. Qf4 Ng6 16. Qg3 Qb6 17. h5 Qe3+ 18. Kb1 Ne5 19. Rh3 Re6 20. g5 Ne8 21.
Re1 Qc5 22. f4 Nd7 23. Rh1 b5 24. Bh3 Re7 25. g6 Nc7 26. gxh7+ Kh8 27. Rhg1 Qd4
28. e5 f6 29. Rd1 Qb6 30. exd6 Rf7 31. dxc7 Qxc7 32. h6 g6 33. Qxg6 Rxh7 34.
Bxd7 Qxf4 35. Be6 Rf8 36. Qg7+ 1-0

[Event "Madrid ch Veteranos  2019-2020"]
[Site "Maddrid ESP"]
[Date "2020.01.15"]
[Round "3.8"]
[White "Campos Calvo-Sotelo, Juan"]
[Black "Martin Martin, Luis Vicente"]
[Result "0-1"]
[WhiteElo "1850"]
[BlackElo "1985"]
[PlyCount "80"]
[EventDate "2020.01.13"]
[EventType "swiss"]
[EventRounds "9"]
[EventCountry "ESP"]
[SourceTitle "Ajedrez en Madrid"]
[Source "lmi"]
[SourceDate "2020.01.13"]
[SourceVersion "1"]
[SourceVersionDate "2020.01.27"]
[SourceQuality "1"]

1. b4 d5 2. e3 Bf5 3. Nf3 Nf6 4. c4 e6 5. a3 Be7 6. Bb2 O-O 7. Nc3 a5 8. b5 c5
9. cxd5 exd5 10. d4 Nbd7 11. dxc5 Nxc5 12. Be2 a4 13. Nd4 Bg6 14. O-O Nfe4 15.
Nxe4 dxe4 16. Rc1 Qb6 17. Rc4 Rfd8 18. Qa1 Bf6 19. g4 Nb3 20. Nxb3 axb3 21.
Bxf6 gxf6 22. Rb1 Rd2 23. Bf1 Qe6 24. h3 h5 25. Qc3 Rad8 26. Rd4 R2xd4 27. exd4
e3 28. Rb2 exf2+ 29. Kxf2 hxg4 30. Rxb3 Rc8 31. Qe3 Qf5+ 32. Kg1 Kg7 33. Bd3
Qd7 34. Bxg6 fxg6 35. h4 Re8 36. Qf2 Re4 37. b6 Rxd4 38. Rc3 Rd1+ 39. Kg2 Qd5+
40. Kg3 Qe5+ 0-1

[Event "Madrid ch Veteranos  2019-2020"]
[Site "Maddrid ESP"]
[Date "2020.01.15"]
[Round "3.9"]
[White "Camarero Izquierdo, Juan Carlos"]
[Black "Serrano Baylin, Francisco"]
[Result "1-0"]
[WhiteElo "1807"]
[BlackElo "1956"]
[PlyCount "51"]
[EventDate "2020.01.13"]
[EventType "swiss"]
[EventRounds "9"]
[EventCountry "ESP"]
[SourceTitle "Ajedrez en Madrid"]
[Source "lmi"]
[SourceDate "2020.01.13"]
[SourceVersion "1"]
[SourceVersionDate "2020.01.27"]
[SourceQuality "1"]

1. d4 Nf6 2. Nc3 g6 3. e4 d6 4. f3 Bg7 5. Be3 c6 6. Qd2 b5 7. Bh6 Bxh6 8. Qxh6
b4 9. Nce2 Qa5 10. Qd2 Qb6 11. O-O-O Nbd7 12. h4 h5 13. Nh3 a5 14. Ng5 a4 15.
f4 b3 16. cxb3 a3 17. Nc3 axb2+ 18. Kxb2 Qa5 19. Kb1 Ng4 20. Bc4 e6 21. Rhf1 d5
22. Be2 Ba6 23. Bxa6 Qxa6 24. f5 c5 25. fxe6 fxe6 26. exd5 1-0

[Event "Madrid ch Veteranos  2019-2020"]
[Site "Maddrid ESP"]
[Date "2020.01.15"]
[Round "3.12"]
[White "Fernandez Garcia, Ignacio"]
[Black "Lorenzo Bailador, Alfredo"]
[Result "0-1"]
[WhiteElo "1770"]
[BlackElo "2019"]
[PlyCount "71"]
[EventDate "2020.01.13"]
[EventType "swiss"]
[EventRounds "9"]
[EventCountry "ESP"]
[SourceTitle "Ajedrez en Madrid"]
[Source "lmi"]
[SourceDate "2020.01.13"]
[SourceVersion "1"]
[SourceVersionDate "2020.01.27"]
[SourceQuality "1"]

1. e4 e5 2. Nc3 Nf6 3. f4 d5 4. exd5 Nxd5 5. fxe5 Nxc3 6. bxc3 Qh4+ 7. g3 Qe4+
8. Qe2 Qxh1 9. Qe3 Nc6 10. d4 Qd5 11. Ne2 Bf5 12. Bd2 Bxc2 13. Qf2 Be7 14. Bg2
Qd7 15. Nf4 O-O 16. Bh3 Bf5 17. g4 Bxg4 18. Bg2 f6 19. e6 Bxe6 20. d5 Bf7 21.
dxc6 bxc6 22. Be4 Rfe8 23. Ne2 Ba3 24. Bf3 Bd5 25. Rd1 Bxf3 26. Qxf3 Qd5 27.
Qxd5+ cxd5 28. Kf1 Bc5 29. Bf4 c6 30. Rb1 Re4 31. Bd2 Rae8 32. Ng3 Ra4 33. Rb2
Be3 34. Bxe3 Rxe3 35. Kg2 g6 36. Nf5 0-1

[Event "Madrid ch Veteranos  2019-2020"]
[Site "Maddrid ESP"]
[Date "2020.01.15"]
[Round "3.13"]
[White "Ortiz Landeira, Jose Antonio"]
[Black "De la Orden Alcocer, Alejandro"]
[Result "0-1"]
[WhiteElo "1760"]
[BlackElo "1972"]
[PlyCount "110"]
[EventDate "2020.01.13"]
[EventType "swiss"]
[EventRounds "9"]
[EventCountry "ESP"]
[SourceTitle "Ajedrez en Madrid"]
[Source "lmi"]
[SourceDate "2020.01.13"]
[SourceVersion "1"]
[SourceVersionDate "2020.01.27"]
[SourceQuality "1"]

1. c4 e5 2. Nc3 Nf6 3. d3 d5 4. cxd5 Nxd5 5. Bd2 Be7 6. g3 Nc6 7. Bg2 Nb6 8.
Nf3 O-O 9. O-O Be6 10. a3 Qd7 11. Be3 f6 12. Bxb6 axb6 13. Nd2 Rab8 14. Qa4
Rfd8 15. Rfe1 Nd4 16. Qxd7 Rxd7 17. Rac1 c6 18. Nf3 Nb3 19. Rcd1 b5 20. Nd2
Nxd2 21. Rxd2 b4 22. axb4 Bxb4 23. Ra1 Rdd8 24. Rdd1 Ra8 25. Rdc1 Bg4 26. Kf1
Be6 27. Ke1 Kf7 28. Kd2 f5 29. Kc2 Kf6 30. b3 Ba3 31. Rd1 Bc5 32. e3 Bb4 33.
Kb2 Rxa1 34. Rxa1 Rxd3 35. Rc1 e4 36. h4 g6 37. Bf1 Rd2+ 38. Rc2 Rxc2+ 39. Kxc2
Ke5 40. Be2 h6 41. Kb2 Kf6 42. Kc2 g5 43. hxg5+ Kxg5 44. f4+ exf3 45. Bxf3 Bd6
46. Ne2 Bd5 47. Bxd5 cxd5 48. Kd3 Be5 49. Nf4 Bxf4 50. gxf4+ Kg4 51. Kd4 h5 52.
Kxd5 h4 53. Ke5 h3 54. e4 h2 55. exf5 h1=Q 0-1

[Event "Madrid ch Veteranos  2019-2020"]
[Site "Maddrid ESP"]
[Date "2020.01.15"]
[Round "3.14"]
[White "Vazquez Gonzalez, Francisco"]
[Black "Hernandez Gutierrez, Jose"]
[Result "1-0"]
[WhiteElo "1931"]
[BlackElo "1785"]
[PlyCount "71"]
[EventDate "2020.01.13"]
[EventType "swiss"]
[EventRounds "9"]
[EventCountry "ESP"]
[SourceTitle "Ajedrez en Madrid"]
[Source "lmi"]
[SourceDate "2020.01.13"]
[SourceVersion "1"]
[SourceVersionDate "2020.01.27"]
[SourceQuality "1"]

1. e4 c6 2. d4 d5 3. exd5 cxd5 4. Bd3 Nc6 5. c3 Qc7 6. Ne2 Bg4 7. f3 Bd7 8. Na3
g6 9. O-O e5 10. Nc2 Bd6 11. Re1 Nge7 12. dxe5 Nxe5 13. f4 Nxd3 14. Qxd3 Bf5
15. Qd2 O-O 16. Ncd4 Bd7 17. Nf3 Rfe8 18. Ned4 Nc6 19. Rf1 Rac8 20. Kh1 h6 21.
f5 Nxd4 22. Nxd4 Bxh2 23. f6 g5 24. Qd1 Bf4 25. Qh5 Qd6 26. Bxf4 gxf4 27. Qxh6
Qf8 28. Qg5+ Kh7 29. Rxf4 Re4 30. Rxe4 dxe4 31. Nf5 Bxf5 32. Qxf5+ Kg8 33. Qg4+
Kh8 34. Qh4+ Kg8 35. Re1 Qc5 36. Rxe4 1-0

[Event "Madrid ch Veteranos  2019-2020"]
[Site "Maddrid ESP"]
[Date "2020.01.15"]
[Round "3.15"]
[White "De Paz Nistal, Santiago"]
[Black "Cruz Gonzalez, Antonio"]
[Result "0-1"]
[WhiteElo "1920"]
[BlackElo "1737"]
[PlyCount "68"]
[EventDate "2020.01.13"]
[EventType "swiss"]
[EventRounds "9"]
[EventCountry "ESP"]
[SourceTitle "Ajedrez en Madrid"]
[Source "lmi"]
[SourceDate "2020.01.13"]
[SourceVersion "1"]
[SourceVersionDate "2020.01.27"]
[SourceQuality "1"]

1. e4 g6 2. d4 Bg7 3. c4 d6 4. Nc3 Nc6 5. Be3 e5 6. Nge2 Nh6 7. f3 f5 8. d5 Ne7
9. Qd2 Nf7 10. g3 h5 11. h4 Nh6 12. O-O-O a6 13. Kb1 b6 14. Nc1 Rb8 15. Bg5 Qd7
16. a4 Nf7 17. Be3 Ng8 18. Bd3 Nf6 19. Rdf1 fxe4 20. Nxe4 Qxa4 21. b3 Nxe4 22.
Bxe4 Qd7 23. Bxg6 O-O 24. Ka2 c6 25. Bxh5 cxd5 26. Qxd5 Bb7 27. Qd3 b5 28. Bg4
Qe8 29. h5 e4 30. Qd2 Qe5 31. Ne2 bxc4 32. Bd4 Qb5 33. Rb1 cxb3+ 34. Rxb3 Bd5
0-1

[Event "Madrid ch Veteranos  2019-2020"]
[Site "Maddrid ESP"]
[Date "2020.01.15"]
[Round "3.16"]
[White "Corredor Gonzalez, Angel L."]
[Black "Marin Aso, Jose Luis"]
[Result "0-1"]
[WhiteElo "1733"]
[BlackElo "1907"]
[PlyCount "52"]
[EventDate "2020.01.13"]
[EventType "swiss"]
[EventRounds "9"]
[EventCountry "ESP"]
[SourceTitle "Ajedrez en Madrid"]
[Source "lmi"]
[SourceDate "2020.01.13"]
[SourceVersion "1"]
[SourceVersionDate "2020.01.27"]
[SourceQuality "1"]

1. e4 c5 2. Nc3 Nc6 3. f4 g6 4. Nf3 Bg7 5. Bc4 d6 6. O-O Nf6 7. a3 O-O 8. d3
Nd4 9. Nxd4 cxd4 10. Ne2 d5 11. exd5 Nxd5 12. Bxd5 Qxd5 13. Ng3 Bd7 14. f5 Rac8
15. Qe2 Rc6 16. fxg6 hxg6 17. Bf4 e5 18. Bg5 f6 19. Bc1 Rfc8 20. Rf2 Rxc2 21.
Qxc2 Rxc2 22. Rxc2 Qb3 23. Rc7 Bc6 24. Ne4 Qxd3 25. Rc8+ Kh7 26. Nf2 Qe2 0-1

[Event "Madrid ch Veteranos  2019-2020"]
[Site "Maddrid ESP"]
[Date "2020.01.15"]
[Round "3.17"]
[White "Marcos Herrero, Francisco"]
[Black "Barragan Panal, Juan Jose"]
[Result "1-0"]
[WhiteElo "1861"]
[BlackElo "1679"]
[PlyCount "35"]
[EventDate "2020.01.13"]
[EventType "swiss"]
[EventRounds "9"]
[EventCountry "ESP"]
[SourceTitle "Ajedrez en Madrid"]
[Source "lmi"]
[SourceDate "2020.01.13"]
[SourceVersion "1"]
[SourceVersionDate "2020.01.27"]
[SourceQuality "1"]

1. d4 Nf6 2. c4 e6 3. g3 Be7 4. Bg2 c5 5. Nf3 cxd4 6. O-O Nc6 7. Nxd4 Nxd4 8.
Qxd4 Qa5 9. Bd2 Qc5 10. Qd3 O-O 11. a3 Rd8 12. Bb4 Qe5 13. Bxe7 Qxb2 14. Nc3
Qb6 15. Rfb1 Qc7 16. Nb5 Qa5 17. Bxd8 Qxd8 18. Nd6 1-0

[Event "Madrid ch Veteranos  2019-2020"]
[Site "Maddrid ESP"]
[Date "2020.01.15"]
[Round "3.18"]
[White "Viñas Lopez, Carlos"]
[Black "Bellagamba, Pascal"]
[Result "1-0"]
[WhiteElo "1860"]
[BlackElo "1635"]
[PlyCount "99"]
[EventDate "2020.01.13"]
[EventType "swiss"]
[EventRounds "9"]
[EventCountry "ESP"]
[SourceTitle "Ajedrez en Madrid"]
[Source "lmi"]
[SourceDate "2020.01.13"]
[SourceVersion "1"]
[SourceVersionDate "2020.01.27"]
[SourceQuality "1"]

1. d4 Nf6 2. Bg5 g6 3. Bxf6 exf6 4. c4 Bg7 5. e3 f5 6. Nc3 d6 7. g3 Be6 8. Bg2
c6 9. Qd3 Bd7 10. Nge2 Na6 11. a3 Nc7 12. b4 a6 13. O-O O-O 14. a4 Qf6 15. b5
Rab8 16. Rfb1 Rfe8 17. Rb3 axb5 18. axb5 Ra8 19. Rba3 Rxa3 20. Rxa3 Ra8 21.
Rxa8+ Nxa8 22. bxc6 bxc6 23. Qb1 Qd8 24. Qb7 Nb6 25. c5 dxc5 26. dxc5 Nc4 27.
Bxc6 Bxc6 28. Qxc6 Nd2 29. Qd5 Bf6 30. Qxd8+ Bxd8 31. Nd4 Ne4 32. Na4 Kf8 33.
f3 Nf6 34. Kf2 Ke8 35. Ke2 Nd5 36. Kd3 Kd7 37. Nc3 Nc7 38. Kc4 Bf6 39. Nd5 Bg5
40. Nxc7 Kxc7 41. e4 fxe4 42. fxe4 h5 43. h3 Be7 44. Kd5 Bf6 45. Nf3 Be7 46.
Nd4 Bg5 47. Nb5+ Kc8 48. Nd6+ Kd7 49. Nxf7 Be7 50. Ne5+ 1-0

[Event "Madrid ch Veteranos  2019-2020"]
[Site "Maddrid ESP"]
[Date "2020.01.15"]
[Round "3.19"]
[White "Calderon Martin, Antonio"]
[Black "Barahona Torrijos, Angel"]
[Result "1-0"]
[WhiteElo "1614"]
[BlackElo "1857"]
[PlyCount "45"]
[EventDate "2020.01.13"]
[EventType "swiss"]
[EventRounds "9"]
[EventCountry "ESP"]
[SourceTitle "Ajedrez en Madrid"]
[Source "lmi"]
[SourceDate "2020.01.13"]
[SourceVersion "1"]
[SourceVersionDate "2020.01.27"]
[SourceQuality "1"]

1. e4 e5 2. Nf3 Nc6 3. Bb5 Nd4 4. Nxd4 exd4 5. d3 c6 6. Bc4 Nf6 7. Nd2 d5 8.
exd5 Nxd5 9. O-O Be7 10. Re1 O-O 11. Nf3 Bf6 12. Bd2 Bg4 13. Qe2 b5 14. Bb3 c5
15. Qe4 Bxf3 16. Qxf3 Nb6 17. Ba5 Qd6 18. Bxb6 axb6 19. a3 Rae8 20. Re4 Re5 21.
Rae1 Rfe8 22. Rxe5 Rxe5 23. Rxe5 1-0

[Event "Madrid ch Veteranos  2019-2020"]
[Site "Maddrid ESP"]
[Date "2020.01.15"]
[Round "3.20"]
[White "Martinez Pintor, Juan"]
[Black "Pashov, Spas Nikolov"]
[Result "0-1"]
[WhiteElo "1577"]
[BlackElo "1847"]
[PlyCount "32"]
[EventDate "2020.01.13"]
[EventType "swiss"]
[EventRounds "9"]
[EventCountry "ESP"]
[SourceTitle "Ajedrez en Madrid"]
[Source "lmi"]
[SourceDate "2020.01.13"]
[SourceVersion "1"]
[SourceVersionDate "2020.01.27"]
[SourceQuality "1"]

1. d4 Nf6 2. Nf3 d5 3. e3 e6 4. Bd3 c5 5. c3 Nc6 6. Nbd2 a6 7. O-O c4 8. Bc2 b5
9. e4 dxe4 10. Nxe4 Bb7 11. Re1 Nd5 12. Qe2 Qc7 13. Qd2 Be7 14. Neg5 h6 15. Ne4
O-O 16. b4 a5 0-1

[Event "Madrid ch Veteranos  2019-2020"]
[Site "Maddrid ESP"]
[Date "2020.01.15"]
[Round "3.21"]
[White "Hernandez Recio, Roberto"]
[Black "Mendez Rodriguez, Carlos"]
[Result "1-0"]
[WhiteElo "1846"]
[BlackElo "1581"]
[PlyCount "77"]
[EventDate "2020.01.13"]
[EventType "swiss"]
[EventRounds "9"]
[EventCountry "ESP"]
[SourceTitle "Ajedrez en Madrid"]
[Source "lmi"]
[SourceDate "2020.01.13"]
[SourceVersion "1"]
[SourceVersionDate "2020.01.27"]
[SourceQuality "1"]

1. d4 d5 2. c4 e6 3. Nc3 c5 4. e3 Nf6 5. Nf3 Nc6 6. a3 a6 7. dxc5 Bxc5 8. b4
Be7 9. cxd5 exd5 10. Be2 O-O 11. O-O Bg4 12. Nd4 Bxe2 13. Ncxe2 Ne5 14. Nf5 Nc4
15. Nf4 Re8 16. Nxe7+ Rxe7 17. Qf3 Rc8 18. Rd1 Ne5 19. Qe2 Nc4 20. Qd3 Rd7 21.
Qd4 Qb6 22. Qxb6 Nxb6 23. Bb2 Ne8 24. Bd4 Nc4 25. Nd3 b6 26. Nf4 Nc7 27. a4 Ne6
28. Ne2 Nxd4 29. Rxd4 g5 30. Rc1 b5 31. axb5 axb5 32. g3 f5 33. Rcd1 Nb6 34.
Ra1 Nc4 35. Ra6 Kg7 36. Rd1 Rd6 37. Rxd6 Nxd6 38. Rxd5 Rc6 39. Nd4 1-0

[Event "Madrid ch Veteranos  2019-2020"]
[Site "Maddrid ESP"]
[Date "2020.01.15"]
[Round "3.22"]
[White "Lopez Guitian, Juan J."]
[Black "Gonzalez-Ruano Perez, Cesar"]
[Result "0-1"]
[WhiteElo "1509"]
[BlackElo "1837"]
[PlyCount "93"]
[EventDate "2020.01.13"]
[EventType "swiss"]
[EventRounds "9"]
[EventCountry "ESP"]
[SourceTitle "Ajedrez en Madrid"]
[Source "lmi"]
[SourceDate "2020.01.13"]
[SourceVersion "1"]
[SourceVersionDate "2020.01.27"]
[SourceQuality "1"]

1. d4 e6 2. Nf3 f5 3. g3 Nf6 4. Bg2 Be7 5. O-O O-O 6. Nc3 Ne4 7. Qd3 d5 8. Bf4
c6 9. a3 a5 10. h4 Nd7 11. Rab1 a4 12. Nd2 Qe8 13. Bf3 Bf6 14. Bxe4 fxe4 15.
Qe3 e5 16. dxe5 Bxe5 17. Bxe5 Nxe5 18. Rbe1 Bh3 19. Nd1 Rd8 20. c3 Rd6 21. f4
Ng4 22. Qc5 Rg6 23. Qd4 Bxf1 24. Nxf1 b5 25. Nde3 Nxe3 26. Qxe3 Qe6 27. Kh2 Qg4
28. Qf2 Qh5 29. Ne3 Rh6 30. Ng2 g5 31. e3 gxh4 32. gxh4 Rg6 33. Rg1 Rf7 34. Ne1
Rxg1 35. Qxg1+ Rg7 36. Qf2 Rg4 37. Ng2 Qf5 38. Ne1 Kf7 39. Ng2 Rg8 40. Ne1 Qg4
41. Ng2 Kf6 42. Qd2 Kf5 43. Qf2 Qf3 44. Qd2 Rg3 45. Kg1 Rxg2+ 46. Qxg2 Qxe3+
47. Qf2 0-1